| 000 | 00668cam a22002173a 4500 | ||
|---|---|---|---|
| 001 | 37027 | ||
| 003 | PGUSA | ||
| 005 | 20140828083819.0 | ||
| 008 | 110810s2011||||xxu|||||s|||||000 | eng d | ||
| 040 |
_aPGUSA _beng |
||
| 042 | _adc | ||
| 100 | 1 |
_aSienkiewicz, Henryk, _d1846-1916 |
|
| 245 | 1 | 0 |
_aWith Fire and Sword : _bAn Historical Novel of Poland and Russia _h[electronic resource] / _cHenryk Sienkiewicz |
| 260 |
_bProject Gutenberg, _c2011 |
||
| 506 | _aPublic domain in the USA. | ||
| 516 | _aElectronic text | ||
| 700 | 1 |
_aCurtin, Jeremiah, _d1835-1906 |
|
| 830 | 0 |
_aProject Gutenberg _v37027 |
|
| 856 | 4 | 0 | _uhttp://www.gutenberg.org/ebooks/37027 |
| 942 | _cEB | ||
| 999 |
_c266282 _d266282 |
||